La isla de Pascua y sus misterios. Primera versión española, completa, por José María Souvirón

Saved in:
Bibliographic Details
Main Author: Stephen Chauvet, M. (Author)
Format: Book
Language:Spanish
Published: Santiago Zig Zag 1946
Edition:1a. ed
Series:Colección Viajes y Panoramas, publicada bajo la dirección de Manuel Rojas
Subjects:
Tags: Add Tag
No Tags, Be the first to tag this record!

MARC

LEADER 00000nam a2200000 a 4500
001 UCJ7326
003 CL-VaPUC
008 070124e19460204CL |||||||||||||||||spa|d
082 0 4 |a 918.3  |b STE  |2 21 
100 0 |a Stephen Chauvet, M.  |e author  |9 515642 
245 1 3 |a La isla de Pascua y sus misterios. Primera versión española, completa, por José María Souvirón 
250 |a 1a. ed 
300 |a 411 p 
942 |c BK 
945 |d 20070124 00:00:00  |a rinostro 
260 |a Santiago  |b Zig Zag  |c 1946 
500 |a Ilustraciones sin indizar 
600 0 7 |a EYRAUD, EUGENIO  |2 CL-VaPUC  |9 515643 
650 0 |a Arqueología   |9 265619 
650 0 |a Paleografía   |9 264942 
650 0 |a Mitología   |9 255719 
650 0 |a Escultura  |9 265737 
650 7 |a ESCRITURA PASCUENSE  |2 CL-VaPUC  |9 515644 
650 7 |a GLOSARIO PASCUENSE  |2 CL-VaPUC  |9 505429 
650 7 |a DECUBRIMIENTOS GEOGRAFICOS  |2 CL-VaPUC  |9 515645 
650 0 |a Misioneros  |9 324171 
650 0 |a Antropología   |9 233030 
650 0 |a Ilustraciones  |9 369481 
651 0 |a Isla de Pascua  |9 261357 
583 |a last modification  |c 20070124 00:00:00  |k Rodrigo Vera 
490 0 |a Colección Viajes y Panoramas, publicada bajo la dirección de Manuel Rojas 
999 |c 323421  |d 323419 
952 |0 0  |1 0  |4 0  |6 918_300000000000000_STE_1946  |7 0  |8 X  |9 402996  |a FDOBUD  |b FDOBUD  |d 2019-11-22  |i 1061712  |o 918.3 STE 1946  |p 1061712  |r 2019-11-22  |w 2019-11-22  |y BK_X  |k BUD 
952 |0 0  |1 0  |4 0  |6 918_300000000000000_STE_1946  |7 0  |8 X  |9 402997  |a FDOBUD  |b FDOBUD  |d 2019-11-22  |i 1061720  |o 918.3 STE 1946  |p 1061720  |r 2019-11-22  |w 2019-11-22  |y BK_X  |k BUD